<?xml version="1.0" encoding="UTF-8"?>
<collection xmlns:xsi="http://www.w3.org/2001/XMLSchema-instance" xsi:schemaLocation="http://www.loc.gov/MARC21/slim http://www.loc.gov/standards/marcxml/schema/MARC21slim.xsd" xmlns="http://www.loc.gov/MARC21/slim">
 <record>
  <leader>00000ctm a22000003a 4500</leader>
  <controlfield tag="001">UP-1685523046126318013</controlfield>
  <controlfield tag="003">Buklod</controlfield>
  <controlfield tag="005">20170307155801.0</controlfield>
  <controlfield tag="006">m    |o  d |      </controlfield>
  <controlfield tag="007">cr |||||||||||</controlfield>
  <controlfield tag="008">170307s        xx     d     r    |||| u|</controlfield>
  <datafield tag="035" ind1=" " ind2=" ">
   <subfield code="a">(iLib)UPMNL-00015382959</subfield>
  </datafield>
  <datafield tag="040" ind1=" " ind2=" ">
   <subfield code="a">UPDent</subfield>
  </datafield>
  <datafield tag="041" ind1=" " ind2=" ">
   <subfield code="a">eng</subfield>
  </datafield>
  <datafield tag="090" ind1=" " ind2="0">
   <subfield code="a">LG 993.5 2015 D4 P46</subfield>
  </datafield>
  <datafield tag="100" ind1="1" ind2=" ">
   <subfield code="a">Pegenia, Joseph Glenn Z.</subfield>
  </datafield>
  <datafield tag="245" ind1="1" ind2="0">
   <subfield code="a">Comparative study on bacterial cross-contamination between toothbrushes using pump-type and tube-type toothpaste dispenser</subfield>
   <subfield code="c">Joseph Glenn Z. Pegenia, Anthony V. Quitay; Michael Antonio F. Mendoza, Faculty Co-author.</subfield>
  </datafield>
  <datafield tag="300" ind1=" " ind2=" ">
   <subfield code="a">58 leaves.</subfield>
  </datafield>
  <datafield tag="502" ind1=" " ind2=" ">
   <subfield code="a">Seminar Paper--Doctor of Dental Medicine--University of the Philippines Manila</subfield>
  </datafield>
  <datafield tag="520" ind1="3" ind2=" ">
   <subfield code="a">INTRODUCTION: Toothbrushes are expected to be manufactured free of microorganisms, but after a single use, varying from 30 seconds to 4 minutes, toothbrushes may become contaminated by a wide array of bacteria, viruses, yeast and fungi which are present in the oral cavity and in the environment. Studies show that microorganisms can remain viable on toothbrushes for long periods of time from 24 hours to 7 days depending on the organism that is present. In line with this, the use of contaminated toothbrush can be a way of transferring microorganisms intra-orally and from one person to another. A common practice among household today is the sharing of the same toothpaste dispenser among family members. Due to this, transmission of micro-organisms is possible because: 1) the regular use of toothbrushes will heavily contaminate them with microorganism; and 2) the orifice toothpaste dispensers is a source of cross-contamination especially when bristles come in contact with the orifice during toothpaste dispensing. Because of this, the researchers attempted to confirm if there is cross-contamination between toothbrushes using tube-type toothpaste dispenser and comparing it with another commercially available toothpaste dispenser which is the pump-type toothpaste dispenser.</subfield>
  </datafield>
  <datafield tag="520" ind1="3" ind2=" ">
   <subfield code="a">METHODS: Forty (40) brushes, 20 for each type of toothpaste dispenser. Ten (10) tube-type and 10 pump-type toothpaste dispensers were used in the experiment. Toothpaste was dispensed on contaminated toothbrushes and clean toothbrushes consecutively. Clean toothbrushes dispensed with toothpaste were inoculated for 24 hours and were plated on agar plates using spread plate technique. Agar plates were incubated for 24 hours. Colony-forming units (CFU) were counted and recorded.</subfield>
  </datafield>
  <datafield tag="520" ind1="3" ind2=" ">
   <subfield code="a">RESULTS: Out of the 20 samples in tube-type dispenser group, 13 were positive for the presence of S. pyogenes. Among the 13 positive samples, 4 colonies are too many too count. As for the pump-type group, bacteria were present on 13 out of the 20 samples, 4 of which are too many to count. T-tes was used to analyze the data and was deemed not significant.</subfield>
  </datafield>
  <datafield tag="520" ind1="3" ind2=" ">
   <subfield code="a">CONCLUSION: There is no significant difference between the mean bacterial count from cross-contamination of toothbrush to tube-type dispenser as compared with pump-type dispenser, although due to possible lapses, the researchers consider the results to be inclonclusive.</subfield>
  </datafield>
  <datafield tag="650" ind1="1" ind2="7">
   <subfield code="a">Toothpastes.</subfield>
  </datafield>
  <datafield tag="650" ind1=" " ind2="0">
   <subfield code="a">Oral hygiene products.</subfield>
  </datafield>
  <datafield tag="653" ind1=" " ind2=" ">
   <subfield code="a">Cross-contamination.</subfield>
  </datafield>
  <datafield tag="700" ind1="1" ind2="2">
   <subfield code="a">Quitay, Anthony V.</subfield>
  </datafield>
  <datafield tag="700" ind1="1" ind2="2">
   <subfield code="a">Mendoza, Michael Antonio F.</subfield>
  </datafield>
  <datafield tag="852" ind1="0" ind2=" ">
   <subfield code="a">UPMNL</subfield>
   <subfield code="b">DENT</subfield>
   <subfield code="h">LG 993.5 2015 D4 P46</subfield>
  </datafield>
  <datafield tag="942" ind1=" " ind2=" ">
   <subfield code="a">Thesis</subfield>
  </datafield>
 </record>
</collection>
